000 00805nam a2200217Ia 4500
003 Ost
005 20260507075408.0
008 260507s9999||||xx |||||||||||||| ||und||
040 _cfsecg
041 _aara
082 _a330
100 _aالراجحي، عبده
_eمؤلف
245 0 _aالتطبيق الصرفي /
_c عبده الراجحي
260 _aعمان:
_bدار المسيرة,
_c2008
300 _a174 صفحة؛
_bإيضاحات ؛
_c24 سم
520 _aيضم قواعد اللغة العربية والنحو في الأفعال والمشتقات، في الأسماء، في الإعلال والإبدال
653 _aاللغة العربية
653 _aاللغة العربية- النحو
653 _aقواعد اللغة العربية
942 _cكتاب
999 _c44350
_d44350